<?xml version="1.0" encoding="UTF-8"?>
<record
    xmlns:xsi="http://www.w3.org/2001/XMLSchema-instance"
    xsi:schemaLocation="http://www.loc.gov/MARC21/slim http://www.loc.gov/standards/marcxml/schema/MARC21slim.xsd"
    xmlns="http://www.loc.gov/MARC21/slim">

  <leader>01026nam a22002297a 4500</leader>
  <controlfield tag="003">SEM</controlfield>
  <controlfield tag="005">20250709171903.0</controlfield>
  <controlfield tag="008">241107s1928    ru ||||gr||||||01|0|arm|d</controlfield>
  <datafield tag="040" ind1=" " ind2=" ">
    <subfield code="a">SEM</subfield>
    <subfield code="c">SEM</subfield>
  </datafield>
  <datafield tag="041" ind1=" " ind2=" ">
    <subfield code="a">arm</subfield>
  </datafield>
  <datafield tag="080" ind1=" " ind2=" ">
    <subfield code="a">&#x531;&#x57E;&#x561;&#x563;-111</subfield>
  </datafield>
  <datafield tag="100" ind1=" " ind2=" ">
    <subfield code="a">&#x544;&#x56B;&#x584;&#x561;&#x575;&#x565;&#x56C;&#x575;&#x561;&#x576;, &#x53F;&#x561;&#x580;&#x565;&#x576;</subfield>
  </datafield>
  <datafield tag="245" ind1=" " ind2=" ">
    <subfield code="a">&#x540;&#x561;&#x575; &#x56A;&#x578;&#x572;&#x578;&#x57E;&#x580;&#x564;&#x561;&#x56F;&#x561;&#x576; &#x570;&#x561;&#x580;&#x57D;&#x57F;&#x578;&#x582;&#x569;&#x575;&#x578;&#x582;&#x576;&#x576;&#x565;&#x580;&#x576; &#x561;&#x580;&#x57F;&#x561;&#x57D;&#x561;&#x570;&#x574;&#x561;&#x576;&#x578;&#x582;&#x574; :</subfield>
    <subfield code="b">(&#x53F;&#x57F;&#x561;&#x56F;&#x576;&#x565;&#x580;, &#x576;&#x57E;&#x56B;&#x580;&#x561;&#x57F;&#x57E;&#x578;&#x582;&#x569;&#x575;&#x578;&#x582;&#x576;&#x576;&#x565;&#x580; &#x587; &#x570;&#x561;&#x57D;&#x561;&#x580;&#x561;&#x580;&#x561;&#x56F;&#x561;&#x576; &#x563;&#x578;&#x582;&#x574;&#x561;&#x580;&#x576;&#x565;&#x580;) /</subfield>
    <subfield code="c">&#x53F;&#x2024; &#x544;&#x56B;&#x584;&#x561;&#x575;&#x565;&#x56C;&#x575;&#x561;&#x576;</subfield>
  </datafield>
  <datafield tag="246" ind1=" " ind2=" ">
    <subfield code="a">&#x410;&#x440;&#x43C;&#x44F;&#x43D;&#x441;&#x43A;&#x438;&#x435; &#x43D;&#x430;&#x440;&#x43E;&#x434;&#x43D;&#x44B;&#x435; &#x431;&#x43E;&#x433;&#x430;&#x442;&#x441;&#x442;&#x432;&#x430; &#x437;&#x430;&#x433;&#x440;&#x430;&#x43D;&#x438;&#x446;&#x435;&#x439; /</subfield>
  </datafield>
  <datafield tag="260" ind1=" " ind2=" ">
    <subfield code="a">&#x544;&#x578;&#x57D;&#x56F;&#x57E;&#x561; :</subfield>
    <subfield code="b">&#x540;&#x561;&#x575;&#x561;&#x57D;&#x57F;&#x561;&#x576;&#x56B; &#x578;&#x563;&#x576;&#x578;&#x582;&#x569;&#x575;&#x561;&#x576; &#x56F;&#x578;&#x574;&#x56B;&#x57F;&#x565;,</subfield>
    <subfield code="c">1928.</subfield>
  </datafield>
  <datafield tag="300" ind1=" " ind2=" ">
    <subfield code="a">72 &#x567;&#x57B; ;</subfield>
    <subfield code="c">22 &#x57D;&#x574;</subfield>
  </datafield>
  <datafield tag="650" ind1=" " ind2=" ">
    <subfield code="a">&#x53A;&#x561;&#x57C;&#x561;&#x576;&#x563;&#x561;&#x56F;&#x561;&#x576; &#x56B;&#x580;&#x561;&#x57E;&#x578;&#x582;&#x576;&#x584;</subfield>
  </datafield>
  <datafield tag="653" ind1=" " ind2=" ">
    <subfield code="a">&#x54D;&#x537;&#x544;</subfield>
  </datafield>
  <datafield tag="710" ind1=" " ind2=" ">
    <subfield code="a">&#x540;&#x561;&#x575;&#x561;&#x57D;&#x57F;&#x561;&#x576;&#x56B; &#x578;&#x563;&#x576;&#x578;&#x582;&#x569;&#x575;&#x561;&#x576; &#x56F;&#x578;&#x574;&#x56B;&#x57F;&#x565; (&#x540;&#x548;&#x53F;)</subfield>
  </datafield>
  <datafield tag="856" ind1=" " ind2=" ">
    <subfield code="u">https://haygirk.nla.am/upload/1512-1940/1901-1940/miqayelyan_1928.pdf</subfield>
    <subfield code="y">&#x53F;&#x561;&#x580;&#x564;&#x561;&#x56C; &#x561;&#x57C;&#x581;&#x561;&#x576;&#x581;</subfield>
  </datafield>
  <datafield tag="942" ind1=" " ind2=" ">
    <subfield code="2">udc</subfield>
    <subfield code="c">BK</subfield>
    <subfield code="n">0</subfield>
  </datafield>
  <datafield tag="999" ind1=" " ind2=" ">
    <subfield code="c">75420</subfield>
    <subfield code="d">75420</subfield>
  </datafield>
  <datafield tag="952" ind1=" " ind2=" ">
    <subfield code="0">0</subfield>
    <subfield code="1">0</subfield>
    <subfield code="2">udc</subfield>
    <subfield code="4">0</subfield>
    <subfield code="7">0</subfield>
    <subfield code="8">&#x533;&#x580;&#x561;&#x57A;&#x561;&#x570;&#x578;&#x581;</subfield>
    <subfield code="a">SEM</subfield>
    <subfield code="b">SEM</subfield>
    <subfield code="d">2024-11-07</subfield>
    <subfield code="g">500.00</subfield>
    <subfield code="i">&#x531;&#x57E;&#x561;&#x563;-111</subfield>
    <subfield code="l">0</subfield>
    <subfield code="o">347.6(47.925)/&#x544;-78</subfield>
    <subfield code="p">&#x531;&#x57E;&#x561;&#x563;-111</subfield>
    <subfield code="r">2024-11-07</subfield>
    <subfield code="w">2024-11-07</subfield>
    <subfield code="y">BK</subfield>
    <subfield code="z">&#x54D;&#x57A;&#x561;&#x57D;&#x561;&#x580;&#x56F;&#x57E;&#x578;&#x582;&#x574; &#x567; &#x568;&#x576;&#x569;&#x565;&#x580;&#x581;&#x561;&#x57D;&#x580;&#x561;&#x570;</subfield>
  </datafield>
</record>
